Devinez l'idol de K-pop - Niveau facile - Statistiques

Statistiques générales
  • Ce quiz a été pris 200 fois
  • Le résultat moyen est 11 sur 20
Statistiques - réponses
Par images Réponse % Correct
Lisa (BLACKPINK)
96%
Lee Felix (Stray Kids)
95%
Jin (BTS)
81%
Lara Raj (KATSEYE)
80%
Hwasa (MAMAMOO)
60%
Karina (aespa)
58%
IU
56%
Danielle Marsh (NewJeans)
54%
Jang Wonyoung (IVE)
53%
Kai (EXO)
51%
Park Jihyo (TWICE)
51%
Jeon Soyeon (i-dle)
48%
Jackson Wang (GOT7)
47%
Choi Soobin (TXT)
46%
Shin Ryujin (ITZY)
45%
Hoshi (SEVENTEEN)
43%
Lee Heeseung (ENHYPEN)
41%
Park Seonghwa (ATEEZ)
32%
Johnny (NCT)
20%
Key (SHINee)
18%
Aucun quiz correspondant
Distribution des résultats
% des personnes avec chaque résultat
Percentile par nombre de réponses
Votre historique - résultats
Vous n’avez pas pris ce quiz